000
00295nam a22001337a 4500
008
171006b xxu||||| |||| 00| 0 eng d
020
_a
9780393316124
041
_a
eng
080
_a
159.9
100
_a
49
101
_a
PSI
245
_a
THE PSYCHOSES 1955-1956
_c
MILLER.J.A
942
_2
udc
_c
BK
999
_c
32292
_d
32292